[Event "Summer Prague Open 2020 - A"]
 [Site "Olympik hotel, Sokolovska 138,"]
 [Date "2020.08.12"]
 [Round "6"]
 [White "Pasti, Aron"]
 [Black "Narr, Kevin"]
 [Result "1-0"]
  [WhiteElo "2294"]
 [BlackElo "2110"]
 [PlyCount "71"]
 [EventDate "2020.08.08"]

 1. e4 e6 2. d4 d5 3. Nc3 Nf6 4. e5 Nfd7 5. Nce2 c5 6. c3 Nc6 7. f4 Be7 8. Nf3
 O-O 9. g3 a5 10. Bh3 a4 11. O-O b5 12. f5 cxd4 13. fxe6 Ndxe5 14. Nxe5 Nxe5 15.
 Nxd4 f6 16. Bf4 Qb6 17. Bxe5 fxe5 18. Rxf8+ Bxf8 19. Qh5 Qd6 20. Bf5 g6 21.
 Bxg6 hxg6 22. Qxg6+ Kh8 23. Rf1 Ra7 24. Qe8 Kg8 25. Rf7 exd4 26. e7 Qxe7 27.
 Rxe7 Rxe7 28. Qxc8 dxc3 29. bxc3 a3 30. Qf5 d4 31. Qd5+ Rf7 32. Qxd4 Bg7 33.
 Qd8+ Kh7 34. Qd3+ Kh6 35. Qxb5 Bxc3 36. Qc4 1-0

[Event "Summer Prague Open 2020 - A"]
 [Site "Olympik hotel, Sokolovska 138,"]
 [Date "2020.08.12"]
 [Round "6"]
 [White "Tabak, Stefan"]
 [Black "Csiki, Endre"]
 [Result "0-1"]
  [WhiteElo "2142"]
 [BlackElo "2279"]
 [PlyCount "86"]
 [EventDate "2020.08.08"]

 1. e4 e6 2. d4 d5 3. Nd2 b6 4. Ngf3 Nf6 5. Bb5+ c6 6. Bd3 Ba6 7. Bxa6 Nxa6 8.
 e5 Nd7 9. O-O Be7 10. Qe2 Qc8 11. c4 Nc7 12. Re1 O-O 13. b3 a5 14. a4 Qb7 15.
 h3 dxc4 16. bxc4 b5 17. c5 f5 18. exf6 Nxf6 19. Ne4 bxa4 20. Neg5 Nfd5 21. Nxe6
 Nxe6 22. Qxe6+ Kh8 23. Ne5 Bh4 24. g3 Rae8 25. Qg4 Bf6 26. Bd2 Bxe5 27. dxe5
 Qb2 28. Qe2 Qd4 29. Be3 Qxe5 30. Ra3 Qf5 31. h4 Re4 32. Qd2 Rc4 33. Ra2 Nb4 34.
 Rxa4 Rc2 35. Qd4 Nd5 36. Rf1 Nc3 37. Qg4 Nxa4 38. Qxa4 Rc3 39. Qd4 Rd3 40. Qa1
 Rxe3 41. fxe3 Qxf1+ 42. Qxf1 Rxf1+ 43. Kxf1 a4 0-1

[Event "Summer Prague Open 2020 - A"]
 [Site "Olympik hotel, Sokolovska 138,"]
 [Date "2020.08.12"]
 [Round "6"]
 [White "Cap, Adam"]
 [Black "Balint, Peter"]
 [Result "1-0"]
  [WhiteElo "2278"]
 [BlackElo "2099"]
 [PlyCount "67"]
 [EventDate "2020.08.08"]

 1. c4 e5 2. Nc3 Nf6 3. g3 d5 4. cxd5 Nxd5 5. Bg2 Be6 6. Nf3 Nc6 7. O-O Be7 8.
 d3 O-O 9. a3 h6 10. Qc2 Qd7 11. Rd1 Nf6 12. b4 Nd4 13. Nxd4 exd4 14. Ne4 Nd5
 15. Bb2 Nb6 16. Nc5 Bxc5 17. bxc5 Nd5 18. Bxd4 Nf4 19. gxf4 Qxd4 20. e3 Qf6 21.
 d4 c6 22. Qd2 g5 23. fxg5 Qxg5 24. e4 Qg6 25. Qf4 Kh7 26. Rd3 Rg8 27. Rg3 Qh5
 28. Bf3 Qh3 29. d5 cxd5 30. exd5 Bf5 31. Re1 Rxg3+ 32. hxg3 Rg8 33. Re5 f6 34.
 Qxf5+ 1-0

[Event "Summer Prague Open 2020 - A"]
 [Site "Olympik hotel, Sokolovska 138,"]
 [Date "2020.08.12"]
 [Round "6"]
 [White "Kozak, Milos"]
 [Black "Mirimanian, Hayk"]
 [Result "1/2-1/2"]
  [WhiteElo "2135"]
 [BlackElo "2268"]
 [PlyCount "37"]
 [EventDate "2020.08.08"]

 1. d4 Nf6 2. c4 c5 3. d5 e5 4. Nc3 d6 5. e4 Be7 6. g3 h5 7. h4 Bg4 8. f3 Bd7 9.
 Bh3 Na6 10. Qe2 Nc7 11. Bd2 Rb8 12. a4 b6 13. Nb5 Rb7 14. Nxc7+ Qxc7 15. Bxd7+
 Qxd7 16. Nh3 a6 17. Nf2 Qd8 18. Nd1 g6 19. Nc3 1/2-1/2

[Event "Summer Prague Open 2020 - A"]
 [Site "Olympik hotel, Sokolovska 138,"]
 [Date "2020.08.12"]
 [Round "6"]
 [White "Brejnik, Gustav"]
 [Black "Toman, Jan"]
 [Result "1-0"]
  [WhiteElo "2265"]
 [BlackElo "2085"]
 [PlyCount "86"]
 [EventDate "2020.08.08"]

 1. d4 Nf6 2. c4 g6 3. g3 Bg7 4. Bg2 O-O 5. Nc3 c5 6. Nf3 cxd4 7. Nxd4 Nc6 8.
 Nc2 d6 9. O-O Bd7 10. b3 a6 11. Bb2 Qa5 12. a4 Ng4 13. Qd2 Qh5 14. h4 Na5 15.
 Ra3 Bc6 16. e4 Ne5 17. Ne3 Nf3+ 18. Bxf3 Qxf3 19. Ncd5 Bxd5 20. Nxd5 Nc6 21.
 Bxg7 Kxg7 22. Re1 Ne5 23. Re3 Qg4 24. Qc3 e6 25. Nb6 Rad8 26. f4 Kg8 27. fxe5
 dxe5 28. Ra1 Rd4 29. c5 Rfd8 30. Nc4 f6 31. Rae1 Rc8 32. b4 Rcd8 33. Nd6 Rd7
 34. Qc2 Rxb4 35. Qe2 Qxe2 36. R1xe2 Rxa4 37. Rb2 Ra1+ 38. Kg2 Rc1 39. Rxb7 Rd8
 40. Rc7 Rc2+ 41. Kh3 Rb8 42. Nb7 h5 43. Rd3 g5 1-0

[Event "Summer Prague Open 2020 - A"]
 [Site "Olympik hotel, Sokolovska 138,"]
 [Date "2020.08.12"]
 [Round "6"]
 [White "Kusa, Jakub"]
 [Black "Molkanov, Oleg"]
 [Result "1-0"]
  [WhiteElo "2239"]
 [BlackElo "2066"]
 [PlyCount "69"]
 [EventDate "2020.08.08"]

 1. d4 d5 2. Nf3 Nf6 3. Bf4 c5 4. e3 cxd4 5. exd4 Nc6 6. c3 Bg4 7. Nbd2 e6 8.
 Qb3 Qc8 9. Bd3 Be7 10. O-O O-O 11. Rae1 Bh5 12. Ne5 Bg6 13. Bxg6 hxg6 14. Re3
 Nxe5 15. Bxe5 Ng4 16. Rg3 Nh6 17. Re3 Qc6 18. Qd1 b5 19. Rh3 f6 20. Bf4 g5 21.
 Be3 Qe8 22. f4 f5 23. fxg5 Ng4 24. Bf4 e5 25. dxe5 Bc5+ 26. Kh1 Nf2+ 27. Rxf2
 Bxf2 28. Qf3 Bb6 29. Qxd5+ Qf7 30. e6 Qe7 31. Bd6 Rad8 32. Rd3 Bc5 33. Bxe7
 Rxd5 34. Rxd5 Bxe7 35. Nf3 1-0

[Event "Summer Prague Open 2020 - A"]
 [Site "Olympik hotel, Sokolovska 138,"]
 [Date "2020.08.12"]
 [Round "6"]
 [White "Koubova, Anna Marie"]
 [Black "Toman, Ondrej"]
 [Result "1/2-1/2"]
  [WhiteElo "2099"]
 [BlackElo "2233"]
 [PlyCount "71"]
 [EventDate "2020.08.08"]

 1. d4 Nf6 2. c4 e5 3. dxe5 Ng4 4. Bf4 Nc6 5. Nf3 Bb4+ 6. Nbd2 Qe7 7. a3 Ngxe5
 8. Nxe5 Nxe5 9. e3 Bxd2+ 10. Qxd2 d6 11. Be2 b6 12. Bxe5 dxe5 13. Bf3 Rb8 14.
 Bc6+ Bd7 15. Bxd7+ Qxd7 16. Qxd7+ Kxd7 17. O-O-O+ Ke6 18. Rd3 Rbd8 19. Rhd1
 Rxd3 20. Rxd3 h5 21. e4 g6 22. Kc2 Rf8 23. Kd2 f5 24. exf5+ Rxf5 25. Ke3 a5 26.
 g3 g5 27. h3 h4 28. Rd8 hxg3 29. fxg3 Rf1 30. Rg8 Rb1 31. Rxg5 Rxb2 32. h4 Rb3+
 33. Ke4 Rxa3 34. Rxe5+ Kf6 35. Rf5+ Ke6 36. Re5+ 1/2-1/2

[Event "Summer Prague Open 2020 - A"]
 [Site "Olympik hotel, Sokolovska 138,"]
 [Date "2020.08.12"]
 [Round "6"]
 [White "Pribyl, Viktor"]
 [Black "Mitrandzas, Athanasios"]
 [Result "1-0"]
  [WhiteElo "2221"]
 [BlackElo "2076"]
 [PlyCount "27"]
 [EventDate "2020.08.08"]

 1. e4 c5 2. Nf3 e6 3. d4 cxd4 4. Nxd4 Nf6 5. Nc3 d6 6. g4 h6 7. h4 Be7 8. Qf3
 g6 9. g5 hxg5 10. hxg5 Nh5 11. Be2 Rf8 12. Be3 e5 13. Ndb5 a6 14. Nd5 1-0

[Event "Summer Prague Open 2020 - A"]
 [Site "Olympik hotel, Sokolovska 138,"]
 [Date "2020.08.12"]
 [Round "6"]
 [White "Frank, Adam"]
 [Black "Fischer, Julie"]
 [Result "1-0"]
  [WhiteElo "2219"]
 [BlackElo "2063"]
 [PlyCount "79"]
 [EventDate "2020.08.08"]

 1. e4 Nc6 2. d4 d5 3. exd5 Qxd5 4. Ne2 Bf5 5. Nbc3 Qd7 6. d5 Nb4 7. Nd4 O-O-O
 8. Bc4 Nf6 9. O-O Nbxd5 10. Nxd5 Nxd5 11. Qf3 Bg6 12. Rd1 Nb6 13. Be2 Qe8 14.
 Bg5 Rd5 15. Qe3 f6 16. Ne6 Re5 17. Qb3 Rxe2 18. Rd8+ Qxd8 19. Nxd8 fxg5 20. Nf7
 Bxf7 21. Qxf7 Rd2 22. a4 Kd8 23. a5 Nc8 24. Qf3 e6 25. Qe3 Rd5 26. c4 Bc5 27.
 Qxe6 Rd6 28. Qe5 Bd4 29. Qxg5+ Bf6 30. Qb5 Re8 31. Qh5 h6 32. g3 Re5 33. Qf3
 Rd2 34. Rd1 Rxd1+ 35. Qxd1+ Ke7 36. b4 Nd6 37. c5 Nb5 38. Qf3 b6 39. Qc6 bxa5
 40. bxa5 1-0

[Event "Summer Prague Open 2020 - B"]
 [Site "Olympik hotel, Sokolovska 138,"]
 [Date "2020.08.12"]
 [Round "6"]
 [White "Leitgeb, Julian"]
 [Black "Kievelitz, Bernd"]
 [Result "1/2-1/2"]
  [WhiteElo "1470"]
 [BlackElo "1848"]
 [PlyCount "77"]
 [EventDate "2020.08.08"]

 1. e4 c5 2. Nf3 e6 3. d4 cxd4 4. Nxd4 a6 5. c4 Nf6 6. Nc3 Qc7 7. Be2 Be7 8. O-O
 d6 9. Be3 Nbd7 10. f3 O-O 11. Qd2 b6 12. Rfc1 Bb7 13. a4 Rac8 14. a5 bxa5 15.
 Nb3 a4 16. Nxa4 Nc5 17. Na5 Nfd7 18. b4 Nxa4 19. Rxa4 Nb8 20. c5 dxc5 21. bxc5
 Bc6 22. Nxc6 Qxc6 23. Qa2 Rfd8 24. Bxa6 Nxa6 25. Rxa6 Qb5 26. c6 Qd3 27. Bf2
 Bg5 28. Ra1 h6 29. Qb1 Qe2 30. Qf1 Qc2 31. h4 Bf4 32. g3 Bc7 33. Rc1 Qb3 34.
 Kg2 Rd2 35. Qc4 Qb2 36. Rf1 Bb6 37. Rxb6 Qxb6 38. Qc3 Rxf2+ 39. Rxf2 1/2-1/2

[Event "Summer Prague Open 2020 - B"]
 [Site "Olympik hotel, Sokolovska 138,"]
 [Date "2020.08.12"]
 [Round "6"]
 [White "Svanda, Adam"]
 [Black "Arnold, Frieda"]
 [Result "1-0"]
  [WhiteElo "1852"]
 [BlackElo "1789"]
 [PlyCount "59"]
 [EventDate "2020.08.08"]

 1. c4 c5 2. Nc3 Nc6 3. g3 g6 4. Bg2 Bg7 5. Nf3 e6 6. O-O Nge7 7. a3 O-O 8. d3
 a6 9. e3 d6 10. Qc2 b6 11. Rb1 d5 12. b4 dxc4 13. dxc4 cxb4 14. axb4 Qc7 15.
 Rd1 Bb7 16. Ba3 Rfd8 17. c5 Ne5 18. Nxe5 Bxe5 19. Bxb7 Qxb7 20. Na4 Rxd1+ 21.
 Rxd1 bxc5 22. Qxc5 Bf6 23. Nb6 Qf3 24. Rd7 Re8 25. Qc7 Bg5 26. Rd8 Rxd8 27.
 Qxd8+ Kg7 28. Nd7 Kh6 29. Ne5 Qf5 30. Qf8+ 1-0

[Event "Summer Prague Open 2020 - B"]
 [Site "Olympik hotel, Sokolovska 138,"]
 [Date "2020.08.12"]
 [Round "6"]
 [White "Krupansky, Jaromir"]
 [Black "Spanton, Tim R"]
 [Result "1-0"]
  [WhiteElo "1661"]
 [BlackElo "1831"]
 [PlyCount "79"]
 [EventDate "2020.08.08"]

 1. e4 c5 2. Nf3 g6 3. d4 cxd4 4. Qxd4 Nf6 5. Nc3 Nc6 6. Qd3 Bg7 7. Be3 O-O 8.
 Be2 d6 9. h3 a6 10. a3 b5 11. O-O Bb7 12. Nd5 Nxd5 13. exd5 Ne5 14. Nxe5 dxe5
 15. Rad1 f5 16. Qb3 Qd7 17. c4 f4 18. Bg4 Qd6 19. c5 Qf6 20. Bd2 Kh8 21. c6 Bc8
 22. Bxc8 Raxc8 23. Bb4 Qf7 24. Rfe1 Rxc6 25. Bxe7 Re8 26. Qf3 Rc7 27. d6 Rd7
 28. Qc6 Qe6 29. Qc5 Bf6 30. Bxf6+ Qxf6 31. Qc6 Red8 32. Qxa6 b4 33. axb4 Rxd6
 34. Rxd6 Rxd6 35. Qc8+ Rd8 36. Qc3 Rd4 37. b5 Qd6 38. b6 Qxb6 39. Rxe5 Rd1+ 40.
 Re1+ 1-0

[Event "Summer Prague Open 2020 - B"]
 [Site "Olympik hotel, Sokolovska 138,"]
 [Date "2020.08.12"]
 [Round "6"]
 [White "Klimek, Petr"]
 [Black "Todaro, Adriano"]
 [Result "1-0"]
  [WhiteElo "1833"]
 [BlackElo "1765"]
 [PlyCount "71"]
 [EventDate "2020.08.08"]

 1. e4 c5 2. d4 cxd4 3. c3 g6 4. cxd4 d5 5. e5 Bg7 6. Bd3 Nc6 7. Ne2 Bg4 8. f3
 Be6 9. Qb3 Qd7 10. O-O f6 11. f4 Nh6 12. Be3 O-O 13. Nbc3 Rf7 14. Rac1 Ng4 15.
 Bd2 fxe5 16. fxe5 Ngxe5 17. dxe5 d4 18. Bc4 Bxc4 19. Qxc4 Nxe5 20. Qb3 dxc3 21.
 Bxc3 Raf8 22. Rcd1 Qc7 23. Nd4 Ng4 24. g3 Qc5 25. Rxf7 Rxf7 26. Qe6 Qh5 27. Rd2
 Ne5 28. Rf2 Bf6 29. h3 Nd3 30. Rf1 Qg5 31. Kh2 Nc5 32. Qc4 Ne4 33. Rf3 Nxg3 34.
 Ne6 Nf1+ 35. Rxf1 Bxc3 36. Qc8+ 1-0

[Event "Summer Prague Open 2020 - B"]
 [Site "Olympik hotel, Sokolovska 138,"]
 [Date "2020.08.12"]
 [Round "6"]
 [White "Vargas Drechsler, Carlos"]
 [Black "von Lossow, Marcus"]
 [Result "1-0"]
  [WhiteElo "1829"]
 [BlackElo "1685"]
 [PlyCount "29"]
 [EventDate "2020.08.08"]

 1. e4 e5 2. Nf3 Nc6 3. Bc4 Bc5 4. O-O Nf6 5. d4 exd4 6. e5 d5 7. exf6 dxc4 8.
 Re1+ Kf8 9. Bg5 Qd5 10. Nc3 Qf5 11. Ne4 Rg8 12. Qd2 Qd5 13. fxg7+ Rxg7 14. Nf6
 Qd8 15. Nxh7+ 1-0

[Event "Summer Prague Open 2020 - B"]
 [Site "Olympik hotel, Sokolovska 138,"]
 [Date "2020.08.12"]
 [Round "6"]
 [White "Kalvach, Ladislav"]
 [Black "Delaruelle, Christian"]
 [Result "1-0"]
  [WhiteElo "1761"]
 [BlackElo "1684"]
 [PlyCount "83"]
 [EventDate "2020.08.08"]

 1. d4 d5 2. Bf4 Nc6 3. e3 Nf6 4. h3 e6 5. Nf3 Bd6 6. Be5 O-O 7. Bb5 Bxe5 8.
 Bxc6 Bd6 9. Ba4 c5 10. dxc5 Bxc5 11. c3 b6 12. Qd3 Bd6 13. Nbd2 Bd7 14. Bc2 e5
 15. e4 dxe4 16. Nxe4 Nxe4 17. Qxe4 g6 18. O-O-O Bf5 19. Qc6 e4 20. Rxd6 Qe7 21.
 Re1 Rac8 22. Qd5 Rfe8 23. g4 Be6 24. Rxe6 fxe6 25. Qxe4 Qc5 26. Bb3 Qxf2 27.
 Bxe6+ Kg7 28. Qe5+ Kh6 29. Ng5 Rc5 30. Nf7+ Qxf7 31. g5+ Kh5 32. Bg4+ Kh4 33.
 Qxe8 Qxa2 34. Kc2 b5 35. Re4 Qd5 36. Qe7 Kg3 37. Re3+ Kh4 38. Qxh7+ Kxg5 39.
 Qe7+ Kh6 40. Qh4+ Kg7 41. Re7+ Kf8 42. Qf6+ 1-0

[Event "Summer Prague Open 2020 - B"]
 [Site "Olympik hotel, Sokolovska 138,"]
 [Date "2020.08.12"]
 [Round "6"]
 [White "Arnold, Lorin"]
 [Black "Karlsson, Peter 1965"]
 [Result "0-1"]
  [WhiteElo "1680"]
 [BlackElo "1759"]
 [PlyCount "34"]
 [EventDate "2020.08.08"]

 1. f4 Nf6 2. Nf3 d5 3. e3 c5 4. d4 cxd4 5. exd4 Bg4 6. Bd3 Nc6 7. c3 e6 8. O-O
 Bd6 9. Qe1 Bxf3 10. Rxf3 Qb6 11. f5 e5 12. Kh1 O-O-O 13. Rf2 exd4 14. Bg5 Rhe8
 15. Re2 Rxe2 16. Qxe2 Re8 17. Qc2 Re1+ 0-1

[Event "Summer Prague Open 2020 - B"]
 [Site "Olympik hotel, Sokolovska 138,"]
 [Date "2020.08.12"]
 [Round "6"]
 [White "Hochscheidt, Lukas"]
 [Black "Pejrimovska, Viola Ruby"]
 [Result "1-0"]
  [WhiteElo "1754"]
 [BlackElo "1569"]
 [PlyCount "81"]
 [EventDate "2020.08.08"]

 1. d4 Nf6 2. f3 g6 3. e4 d6 4. Be3 Bg7 5. Nc3 O-O 6. Qd2 e5 7. d5 c5 8. g4 Nfd7
 9. h4 a6 10. a4 f6 11. Bh6 b6 12. Nge2 c4 13. Ng3 Nc5 14. Bxc4 Ra7 15. b4 Nb7
 16. Bxg7 Kxg7 17. Bd3 Rh8 18. g5 Nd7 19. Rg1 Kf7 20. f4 exf4 21. Qxf4 Rf8 22.
 h5 Kg8 23. hxg6 fxg5 24. gxh7+ Kh8 25. Qe3 Qf6 26. Kd2 Qf4 27. Raf1 Qxe3+ 28.
 Kxe3 Nd8 29. Nf5 Nf7 30. Ne7 Nde5 31. Nc6 Nxc6 32. dxc6 Bh3 33. Rf6 Rc8 34. b5
 Ne5 35. Rxd6 axb5 36. axb5 Rxh7 37. Nd5 Ng4+ 38. Kd4 Rh6 39. Rxh6+ Nxh6 40.
 Rxg5 Be6 41. Nxb6 1-0

[Event "Summer Prague Open 2020 - B"]
 [Site "Olympik hotel, Sokolovska 138,"]
 [Date "2020.08.12"]
 [Round "6"]
 [White "Baecker, Daniel"]
 [Black "Karlsson, Henrik 1974"]
 [Result "1-0"]
  [WhiteElo "1482"]
 [BlackElo "1687"]
 [PlyCount "91"]
 [EventDate "2020.08.08"]

 1. e4 e6 2. d4 d5 3. Nc3 Nf6 4. e5 Nfd7 5. f4 c5 6. Nf3 Nc6 7. Be3 cxd4 8. Nxd4
 Nxd4 9. Bxd4 a6 10. Qd2 Be7 11. Be2 O-O 12. Qe3 Qc7 13. f5 Bc5 14. f6 Bxd4 15.
 Qxd4 Qxe5 16. Qxe5 Nxe5 17. O-O g6 18. Rae1 Nc6 19. a3 d4 20. Ne4 e5 21. Rf3
 Bg4 22. Rd3 Bxe2 23. Rxe2 Rfd8 24. Rh3 Rd5 25. Rd2 Rad8 26. Rdd3 Kf8 27. Rxh7
 Ke8 28. Ng5 e4 29. Nxe4 Re5 30. Rh8+ Kd7 31. Rxd8+ Kxd8 32. Nd6 Kc7 33. Nxf7
 Rf5 34. Rf3 Rxf3 35. gxf3 Kd7 36. Ng5 Ke8 37. f7+ Kf8 38. Kf2 Nd8 39. Ke2 Nxf7
 40. Nxf7 Kxf7 41. Kd3 Ke6 42. Kxd4 Kf5 43. Kc5 Kf4 44. Kb6 Kxf3 45. c4 g5 46.
 Kxb7 1-0

[Event "Summer Prague Open 2020 - B"]
 [Site "Olympik hotel, Sokolovska 138,"]
 [Date "2020.08.12"]
 [Round "6"]
 [White "Lihotsky, Lukas"]
 [Black "Guggenheim, Hans"]
 [Result "1/2-1/2"]
  [WhiteElo "1529"]
 [BlackElo "1901"]
 [PlyCount "99"]
 [EventDate "2020.08.08"]

 1. d4 d5 2. c4 c6 3. Nf3 Nf6 4. Nc3 a6 5. cxd5 cxd5 6. Bf4 Nc6 7. e3 e6 8. a3
 Bd6 9. Bxd6 Qxd6 10. Bd3 O-O 11. O-O h6 12. h3 e5 13. dxe5 Nxe5 14. Be2 Rd8 15.
 Nd4 b5 16. Bf3 Bb7 17. b3 Rac8 18. Qd2 Rd7 19. Rfc1 Rdc7 20. b4 Nc4 21. Qd3 Qe5
 22. Nce2 Ne4 23. Bxe4 dxe4 24. Qb3 Bd5 25. Qd1 Nb2 26. Qd2 Nd3 27. Rxc7 Rxc7
 28. Nc1 Bc4 29. Nxd3 Bxd3 30. Rc1 Bc4 31. Qb2 Rc6 32. Qd2 Rg6 33. Ne2 Rd6 34.
 Nd4 f5 35. g3 g5 36. Kh1 Kh7 37. Rg1 f4 38. gxf4 gxf4 39. Rg4 fxe3 40. fxe3 Rf6
 41. Rg1 Bf1 42. Qh2 Qh5 43. Rg3 Qf7 44. Qg1 Bxh3 45. Qh2 Bf1 46. Rg1 Rf2 47.
 Qh4 Be2 48. Qxe4+ Kh8 49. Qa8+ Kh7 50. Qe4+ 1/2-1/2

[Event "Summer Prague Open 2020 - A"]
 [Site "Olympik hotel, Sokolovska 138, Praha"]
 [Date "2020.08.13"]
 [Round "7"]
 [Board "1"]
 [White "Christiansen, Johan-Sebastian"]
 [Black "Plat, Vojtech"]
 [Result "1/2-1/2"]
  [WhiteElo "2616"]
 [BlackElo "2566"]
 [PlyCount "62"]
 [EventDate "2020.08.08"]
 [EventRounds "9"]
 [EventCountry "CZE"]

 1. e4 c5 2. Nf3 g6 3. c3 Bg7 4. d4 cxd4 5. cxd4 Nf6 6. e5 Nd5 7. Qb3 Nc7 8. Nc3
 d5 9. Be2 Nc6 10. O-O O-O 11. h3 Rb8 12. a4 b6 13. Be3 a6 14. Rfc1 Bd7 15. Qa3
 Re8 16. b4 b5 17. axb5 axb5 18. Ne1 f6 19. exf6 Bxf6 20. Nf3 e5 21. dxe5 Nxe5
 22. Bf4 Ra8 23. Qb3 Rxa1 24. Rxa1 Nxf3+ 25. Bxf3 Be6 26. Bxc7 Qxc7 27. Bxd5
 Qxc3 28. Bxe6+ Kf8 29. Rb1 Qxb3 30. Bxb3 Bc3 31. Bd5 Re1+  1/2-1/2

[Event "Summer Prague Open 2020 - A"]
 [Site "Olympik hotel, Sokolovska 138, Praha"]
 [Date "2020.08.13"]
 [Round "7"]
 [Board "4"]
 [White "Mladek, Richard"]
 [Black "Hrabusa, Matej"]
 [Result "1/2-1/2"]
  [WhiteElo "2280"]
 [BlackElo "2350"]
 [PlyCount "33"]
 [EventDate "2020.08.08"]
 [EventRounds "9"]
 [EventCountry "CZE"]

 1. Nf3 d5 2. g3 Nf6 3. Bg2 e6 4. O-O Be7 5. d4 O-O 6. c4 dxc4 7. Qc2 a6 8. Qxc4
 b5 9. Qc2 Bb7 10. Bg5 Nbd7 11. Rd1 Be4 12. Qc1 Qc8 13. Nbd2 Bb7 14. Ne5 Bxg2
 15. Kxg2 c5 16. Nxd7 Qxd7 17. dxc5  1/2-1/2

[Event "Summer Prague Open 2020 - A"]
 [Site "Olympik hotel, Sokolovska 138, Praha"]
 [Date "2020.08.13"]
 [Round "7"]
 [Board "5"]
 [White "Roseneck, Jonas"]
 [Black "Kasioumis, Vasilios"]
 [Result "1/2-1/2"]
  [WhiteElo "2416"]
 [BlackElo "2257"]
 [PlyCount "169"]
 [EventDate "2020.08.08"]
 [EventRounds "9"]
 [EventCountry "CZE"]

 1. e4 c5 2. Nf3 d6 3. d4 cxd4 4. Nxd4 Nf6 5. Nc3 a6 6. Be3 e5 7. Nb3 Be6 8. h3
 Nbd7 9. g4 h6 10. Qd2 b5 11. Bg2 Nb6 12. Na5 Rc8 13. O-O Nc4 14. Nxc4 Rxc4 15.
 b3 Rc8 16. Nd5 h5 17. g5 Nxd5 18. exd5 Bf5 19. c3 Qd7 20. Kh2 Be7 21. a4 O-O
 22. axb5 Qxb5 23. Ra3 Bd8 24. c4 Qb8 25. Qd1 a5 26. Qxh5 a4 27. Qd1 axb3 28.
 Rxb3 Qc7 29. Qf3 Qd7 30. Rc1 f6 31. gxf6 Bxf6 32. Qe2 e4 33. Bf4 Bd4 34. Bg3
 Rf6 35. Qd2 Bc5 36. Bh4 Rf7 37. Rg3 Qa7 38. Rg5 e3 39. Qe2 Rcf8 40. f4 Qa3 41.
 Re1 Qc3 42. Bg3 Rb8 43. Rxf5 Rxf5 44. Qg4 Rf6 45. Bh4 Rf7 46. Be4 g5 47. Bxg5
 Rb2+ 48. Bg2 Qg7 49. Kh1 Qg6 50. Qe6 Qc2 51. Rg1 Rb1 52. Rxb1 Qxb1+ 53. Kh2 Qf5
 54. Be4 Qxe6 55. dxe6 Rf8 56. e7 Rb8 57. Bf3 d5 58. cxd5 Bxe7 59. Bxe7 e2 60.
 Bxe2 Rb2 61. d6 Rxe2+ 62. Kg3 Kf7 63. Kg4 Rd2 64. h4 Rd1 65. Kf5 Rd5+ 66. Ke4
 Ke6 67. Bf8 Rh5 68. Be7 Rd5 69. Ke3 Rd1 70. Kf3 Kf5 71. h5 Rd3+ 72. Ke2 Rd5 73.
 Ke3 Ke6 74. h6 Rh5 75. Bf8 Rf5 76. Bg7 Rh5 77. Bf8 Rf5 78. Bg7 Rh5 79. Kf3 Kxd6
 80. Kg4 Rh1 81. Kg5 Ke6 82. Bd4 Kf7 83. Bg7 Rg1+ 84. Kf5 Rh1 85. Kg5  1/2-1/2

[Event "Summer Prague Open 2020 - A"]
 [Site "Olympik hotel, Sokolovska 138, Praha"]
 [Date "2020.08.13"]
 [Round "7"]
 [Board "9"]
 [White "Pozdnjakov, Viatcheslav"]
 [Black "Dietz, Florian"]
 [Result "1-0"]
  [WhiteElo "2300"]
 [BlackElo "2262"]
 [PlyCount "109"]
 [EventDate "2020.08.08"]
 [EventRounds "9"]
 [EventCountry "CZE"]

 1. d4 Nf6 2. Nf3 g6 3. c4 Bg7 4. Nc3 d6 5. e4 O-O 6. Be2 e5 7. O-O Nc6 8. d5
 Ne7 9. Ne1 Nd7 10. Bd2 f5 11. f3 Kh8 12. Nd3 f4 13. Rc1 g5 14. b4 Nf6 15. c5
 Neg8 16. Nf2 h5 17. cxd6 cxd6 18. Nb5 Rf7 19. Qc2 Ne8 20. Qd3 Nh6 21. g4 fxg3
 22. hxg3 Bd7 23. Kg2 h4 24. Rh1 Qf6 25. Rcf1 Kg8 26. Qe3 hxg3 27. Ng4 Nxg4 28.
 fxg4 Qg6 29. Rxf7 Qxf7 30. Rf1 Qg6 31. Kxg3 a6 32. Nc3 Nf6 33. Bf3 Rc8 34. Qb6
 Bf8 35. Qxb7 Rc4 36. Qxa6 Rxb4 37. Qe2 Rb2 38. Qe3 Bh6 39. Bc1 Rb8 40. Qa7 Rc8
 41. Bd2 Rf8 42. Qa6 Rf7 43. a4 Bf8 44. Rh1 Bxg4 45. Bxg4 Nxg4 46. Kxg4 Rf2 47.
 Qd3 Qf7 48. Qe3 Be7 49. Kg3 Rf4 50. Qe2 g4 51. Kg2 Rf3 52. Rf1 Qg6 53. Rxf3
 gxf3+ 54. Kxf3 Qh5+ 55. Kg2  1-0

[Event "Summer Prague Open 2020 - A"]
 [Site "Olympik hotel, Sokolovska 138, Praha"]
 [Date "2020.08.13"]
 [Round "7"]
 [Board "10"]
 [White "Schnider, Gert"]
 [Black "Wedda, Dries"]
 [Result "1/2-1/2"]
  [WhiteElo "2427"]
 [BlackElo "2172"]
 [PlyCount "130"]
 [EventDate "2020.08.08"]
 [EventRounds "9"]
 [EventCountry "CZE"]

 1. e4 c5 2. Nf3 d6 3. Bb5+ Nd7 4. c3 Ngf6 5. Bd3 e6 6. Bc2 Be7 7. O-O O-O 8. d4
 a6 9. Qe2 b5 10. e5 Nd5 11. Qe4 g6 12. Bh6 Re8 13. Nbd2 Bb7 14. Qe2 Qc7 15. Bb3
 b4 16. dxc5 dxe5 17. Bxd5 exd5 18. cxb4 Bf6 19. Nb3 d4 20. Rfe1 Bd5 21. b5 Bxb3
 22. axb3 Nxc5 23. Nxd4 e4 24. Qc4 Qd6 25. Nc2 Rac8 26. Rad1 Qb8 27. Qf1 Nd3 28.
 Re2 Qxb5 29. f3 Qxb3 30. fxe4 Bxb2 31. Red2 Rxc2 32. Rxd3 Qb6+ 33. Kh1 Bg7 34.
 Rd6 Qf2 35. Bxg7 Kxg7 36. Rxa6 Rxe4 37. Qxf2 Rxf2 38. h3 Ree2 39. Rg1 h5 40.
 Ra4 g5 41. Kh2 h4 42. Raa1 f5 43. Raf1 g4 44. hxg4 fxg4 45. Rxf2 Rxf2 46. Ra1
 Kg6 47. Kg1 Rf5 48. Rf1 Ra5 49. Rf8 Kg5 50. Rf7 Ra6 51. Rf8 Ra7 52. Rf1 Ra4 53.
 Rf8 Ra1+ 54. Rf1 Rxf1+ 55. Kxf1 Kf4 56. Kf2 Ke4 57. Ke2 Kd4 58. Kf2 Kd3 59. Kf1
 Ke3 60. Ke1 g3 61. Kf1 Kd2 62. Kg1 Ke2 63. Kh1 h3 64. Kg1 h2+ 65. Kh1 Ke3
  1/2-1/2

[Event "Summer Prague Open 2020 - A"]
 [Site "Olympik hotel, Sokolovska 138, Praha"]
 [Date "2020.08.13"]
 [Round "7"]
 [Board "11"]
 [White "Miedema, David"]
 [Black "Jedlicka, Ales"]
 [Result "1/2-1/2"]
  [WhiteElo "2382"]
 [BlackElo "2207"]
 [PlyCount "107"]
 [EventDate "2020.08.08"]
 [EventRounds "9"]
 [EventCountry "CZE"]

 1. d4 Nf6 2. c4 g6 3. Nc3 Bg7 4. e4 d6 5. f3 O-O 6. Be3 c5 7. dxc5 dxc5 8. Qxd8
 Rxd8 9. Bxc5 Nc6 10. Nge2 b6 11. Ba3 Bb7 12. Nd5 e6 13. Ne7+ Nxe7 14. Bxe7 Rd7
 15. Bb4 Rc8 16. Rc1 Bh6 17. Rc2 Nh5 18. g4 Nf4 19. Nxf4 Bxf4 20. Bd2 Be5 21.
 Be2 Bd4 22. Bc3 Be3 23. Bd2 Bd4 24. Bc3 Be3 25. h3 a5 26. Bd2 Bd4 27. Bc3 Be3
 28. a4 Rc5 29. Bd2 Bd4 30. g5 Rc8 31. Bc3 Bxc3+ 32. Rxc3 Rc5 33. h4 Bc6 34. b3
 h6 35. Rg1 Kg7 36. Rd3 Rxd3 37. Bxd3 hxg5 38. hxg5 Kf8 39. Kf2 Ke7 40. Ke3 e5
 41. Bf1 Bd7 42. Rh1 Rc8 43. f4 exf4+ 44. Kxf4 Be6 45. e5 Rd8 46. Ke3 Bf5 47.
 Be2 Ke6 48. Rh7 Rd7 49. c5 bxc5 50. Bb5 Rd4 51. Bc4+ Kxe5 52. Rxf7 Re4+ 53. Kd2
 Rg4 54. Rf8  1/2-1/2

[Event "Summer Prague Open 2020 - A"]
 [Site "Olympik hotel, Sokolovska 138, Praha"]
 [Date "2020.08.13"]
 [Round "7"]
 [Board "20"]
 [White "Michalczak, Thomas"]
 [Black "Schmit, Vincent"]
 [Result "1-0"]
  [WhiteElo "2245"]
 [BlackElo "2150"]
 [PlyCount "45"]
 [EventDate "2020.08.08"]
 [EventRounds "9"]
 [EventCountry "CZE"]

 1. e4 e5 2. Nf3 Nc6 3. Bb5 a6 4. Ba4 g6 5. c3 Nge7 6. O-O Bg7 7. d4 exd4 8.
 cxd4 d5 9. exd5 Nxd5 10. Nc3 O-O 11. Bg5 Qd6 12. Ne4 Qb4 13. Bb3 Be6 14. Rc1
 Rac8 15. Nc5 Nxd4 16. a3 Nxf3+ 17. Qxf3 Qa5 18. Bxd5 Bxd5 19. Qxd5 b6 20. b4
 Qb5 21. a4 Qxb4 22. Nxa6 Qxa4 23. Nxc7  1-0